00255nam a2200121Ia 45000030006000000080041000060400015000471000009000622450024000712600009000955460012001040050017001160STCL150530s9999 xx 000 0 und d aSTCLcSTCL aPeck aThrough Chinas wall c1945 aEnglish20220125171146.0